|
|
|
|
| LEADER |
00000nam a22000007a 4500 |
| 005 |
20120620152627.0 |
| 007 |
cr|||| |||| |
| 008 |
120620s20092012co |||| s|||| 0||| 1spa d |
| 035 |
|
|
|a 6538
|
| 040 |
|
|
|a vLex
|
| 090 |
|
|
|c 3212
|d 3212
|
| 245 |
0 |
0 |
|a Plan Nacional de Desarrollo
|h [recurso electrn̤ico] :
|b Informes
|
| 256 |
|
|
|a Servicio en ln̕ea
|
| 260 |
|
|
|a [Colombia] :
|b [s.n],
|c 2009-
|
| 300 |
|
|
|a 1 recurso electrn̤ico
|
| 310 |
|
|
|a Indeterminada
|
| 362 |
0 |
|
|a Nm︢. 1 (2009) -
|
| 506 |
1 |
|
|a Contenido solo disponible en los productos indicados
|d vLex Global
|d vLex Global (Academic Edition, excluding Law Schools)
|d vLex Global (U.S. Academic Edition, Law Schools)
|d vLex Global (U.S. Academic Edition, excluding Law Schools)
|d vLex Global (Academic Edition, Law Schools)
|
| 650 |
0 |
4 |
|a Informes administrativos
|z Colombia
|
| 740 |
0 |
|
|a vLex Revistas (Servicio en ln̕ea)
|
| 856 |
4 |
0 |
|u http://vlex.com/source/informes-dnp-plan-nacional-desarrollo-6538
|z Acceso restringido
|
| 942 |
|
|
|c REV
|
| 999 |
0 |
|
|a Government report writing
|